<?xml version="1.0" encoding="UTF-8"?>
<record
    xmlns:xsi="http://www.w3.org/2001/XMLSchema-instance"
    xsi:schemaLocation="http://www.loc.gov/MARC21/slim http://www.loc.gov/standards/marcxml/schema/MARC21slim.xsd"
    xmlns="http://www.loc.gov/MARC21/slim">

  <leader>00925nam a2200217 a 4500</leader>
  <controlfield tag="001">BRCA_1033</controlfield>
  <controlfield tag="005">20190320203242.0</controlfield>
  <controlfield tag="008">910123s1990    sp-a---###---#101-0#spa-#</controlfield>
  <datafield tag="020" ind1=" " ind2=" ">
    <subfield code="a">8475063160</subfield>
  </datafield>
  <datafield tag="050" ind1=" " ind2="4">
    <subfield code="a">F1408.3</subfield>
    <subfield code="b">.A44 1990</subfield>
  </datafield>
  <datafield tag="245" ind1="1" ind2="0">
    <subfield code="a">Am&#xE9;rica, siglos XVIII-XX</subfield>
    <subfield code="b">III Simposio sobre el V Centenario del Descubrimiento de Am&#xE9;rica celebrado en el Colegio Mayor Zurbar&#xE1;n, Madrid, 1989-90</subfield>
    <subfield code="c">redacci&#xF3;n de textos Beatriz Comella.</subfield>
  </datafield>
  <datafield tag="260" ind1=" " ind2=" ">
    <subfield code="a">Madrid</subfield>
    <subfield code="b">Turner</subfield>
    <subfield code="c">1990</subfield>
  </datafield>
  <datafield tag="300" ind1=" " ind2=" ">
    <subfield code="a">162 p.</subfield>
    <subfield code="b">il.</subfield>
    <subfield code="c">24 cm.</subfield>
  </datafield>
  <datafield tag="440" ind1=" " ind2="0">
    <subfield code="a">Colecci&#xF3;n Encuentros</subfield>
    <subfield code="p">Serie Seminarios</subfield>
    <subfield code="9">3400</subfield>
  </datafield>
  <datafield tag="500" ind1=" " ind2=" ">
    <subfield code="a">Incluye &#xED;ndice de participantes</subfield>
  </datafield>
  <datafield tag="611" ind1="2" ind2="4">
    <subfield code="a">Simposio sobre el V Centenario del Descubrimiento de Am&#xE9;rica</subfield>
    <subfield code="n">3</subfield>
    <subfield code="d">1989-1990</subfield>
    <subfield code="c">Colegio Mayor Zurbar&#xE1;n, Madrid</subfield>
    <subfield code="9">3401</subfield>
  </datafield>
  <datafield tag="651" ind1=" " ind2="4">
    <subfield code="a">Am&#xE9;rica Latina</subfield>
    <subfield code="v">Congresos</subfield>
    <subfield code="x">Civilizaci&#xF3;n</subfield>
    <subfield code="9">3402</subfield>
  </datafield>
  <datafield tag="651" ind1=" " ind2="4">
    <subfield code="a">Am&#xE9;rica Latina</subfield>
    <subfield code="x">Influencias espa&#xF1;olas</subfield>
    <subfield code="9">3403</subfield>
  </datafield>
  <datafield tag="700" ind1="1" ind2=" ">
    <subfield code="a">Comella, Beatriz</subfield>
    <subfield code="9">3404</subfield>
  </datafield>
  <datafield tag="942" ind1=" " ind2=" ">
    <subfield code="2">lcc</subfield>
    <subfield code="c">B</subfield>
  </datafield>
  <datafield tag="999" ind1=" " ind2=" ">
    <subfield code="c">912</subfield>
    <subfield code="d">912</subfield>
  </datafield>
  <datafield tag="952" ind1=" " ind2=" ">
    <subfield code="0">0</subfield>
    <subfield code="1">0</subfield>
    <subfield code="4">0</subfield>
    <subfield code="7">0</subfield>
    <subfield code="a">BRCA</subfield>
    <subfield code="b">BRCA</subfield>
    <subfield code="d">2008-06-26</subfield>
    <subfield code="l">0</subfield>
    <subfield code="o">F1408.3 .A44 1990</subfield>
    <subfield code="p">01521</subfield>
    <subfield code="r">2019-03-22 00:00:00</subfield>
    <subfield code="w">2019-03-22</subfield>
    <subfield code="y">B</subfield>
  </datafield>
</record>
